000 01225nam a2200325 a 4500
001 000109709
003 CHAP
005 20220329144101.0
008 140521s2014 mx a sm |||||||spa d
010 _a106171
011 _a107143
040 _cCHAP
090 _aTesis
100 1 _aGonzález Machorro, Emilia
_9126959
245 1 0 _aInteracciones bióticas de la cochinilla silvestre Dactylopius opuntiae Cockerell (Homóptera: dactylopiidae), en una plantación de nopal tunero
_h[En línea]
_cpor Emilia González Machorro.
260 _aChapingo, Méx. :
_bEl autor,
_c2014.
500 _aPara ver el contenido del material haga clic en la liga
502 _aTesis (Ing. Agr. Esp. en Agroecología) -- UACH. Departamento de Agroecología
590 _aBATCH-UPD
_b05
_c20141002
_lUCH01
_h0904
590 _aE5652GLJ
_b05
_c20140521
_lUCH01
_h0957
590 _aE5652GLJ
_b05
_c20140521
_lUCH01
_h0957
650 1 4 _aControl biológico de plagas.
_927587
650 1 4 _aNopal
_xEnfermedades.
_981667
650 1 4 _aNopal
_xPlagas.
_981689
650 1 4 _aPlagas
_xIdentificación.
_9126573
856 _aFinding aid
_uhttp://10.13.5.2/tesis/sist109709.pdf
_zTeclea aquí
901 _aBK
942 _cTESIS
942 _n0
999 _c106171
_d106171